US State Name Origins - Statistics

General Stats
  • This quiz has been taken 56 times
  • The average score is 33 of 50
Answer Stats
Etymology State % Correct
HI Hawaiian: "homeland" Hawaii
89%
NY Named for the Duke of York New York
87%
PA Named after its founder William Penn Pennsylvania
87%
RI Originally called "Roode Eylandt" by the Dutch navigator Adrian Block Rhode Island
87%
ND Named after one branch of the Sioux tribe and its relative position North Dakota
84%
SD Named after one branch of the Sioux tribe and its relative position South Dakota
84%
UT Named for the inhabitants (Utes) Utah
84%
AK Aleut: "penninsula" Alaska
82%
GA Named by (and for) King George II of England Georgia
82%
IN Named as such because this land was purchased from the "Indians" Indiana
82%
LA Named in honor of Louis XIV of France Louisiana
82%
NC Named for Charles II of England and its relative position North Carolina
82%
WA Named for a US president Washington
82%
WV Named for Elizabeth (the Virgin Queen of England) and its relative position West Virginia
82%
CA Spanish: named for the mythological Queen Calafia California
80%
SC Named for Charles II of England and its relative position South Carolina
80%
VT French: "green mountains" Vermont
80%
VA Named for Elizabeth (the Virgin Queen of England) Virginia
80%
AL Named for its inhabitants (Alibamons) Alabama
78%
DE English: named after Lord De La Warr Delaware
73%
IA Ioway: "sleepy ones" Iowa
73%
OR Named after the species of wild sage "origanum" Oregon
73%
IL Illini: "men" or "warriors" Illinois
71%
MI Algonquin: "big lake" Michigan
71%
MT Spanish or Latin: "mountainous" Montana
71%
FL Spainish: named in honor of Spain's Easter celebration "Feast of Flowers" Florida
69%
KS Named for its inhabitants (the Kaw people) Kansas
69%
NH Named by John Mason after an English county New Hampshire
69%
NJ Named by George Carteret after an isle off the coast of England New Jersey
69%
MD Named for Queen Henrietta Maria Maryland
67%
CO Spanish: "colored red" Colorado
64%
ME Referred to as the "main land" to distinguish the state from numerous islands Maine
64%
NV Spanish: "snowy land" Nevada
64%
MS Ojibwe: "great river" Mississippi
60%
NM Named for the territory it was purchased from New Mexico
58%
AZ Aztec: "silver bearing" Arizona
56%
AR Named for the Kanza tribe of the Sioux family (meaning "south wind people") Arkansas
53%
OH Iroquois: "beautiful river" Ohio
47%
CT Mohegan-Pequot: "long tidal river" Connecticut
42%
ID Shoshone: "light on the mountains" Idaho
42%
MN Sioux: "cloudy water" Minnesota
42%
TN Cherokee: "bend in the river" Tennessee
42%
MA Algonquin: "great hill, small place" Massachusetts
36%
OK Choctaw: "red people" Oklahoma
36%
TX Caddo: "friend" Texas
36%
KY Wyandot: "land of tomorrow" Kentucky
33%
MO Algonquian: "wooden canoe people" Missouri
33%
WI Miami: "it lies red" Wisconsin
33%
NE Sioux: "shallow water" Nebraska
31%
WY Delaware: "extensive plains" Wyoming
31%
No matching quizzes found
Score Distribution
Percent of People with Each Score
Percentile by Number Answered
Your Score History
You have not taken this quiz